I Jornada de orientación política para consejeros locales del movimiento / Miguel Ansón
Publicado:
San Jorge, núm. 82 (2n trimestre 1971), pàg 50 :
MARC
| LEADER | 00000nam a2200000Ia 4500 | ||
|---|---|---|---|
| 001 | |||
| 008 | 160829s9999 xx 000 0 cat d | ||
| 100 | |a Ansón, Miguel |9 21597 | ||
| 245 | |a I Jornada de orientación política para consejeros locales del movimiento / Miguel Ansón | ||
| 260 | |a San Jorge, núm. 82 (2n trimestre 1971), pàg 50 | ||
| 650 | |a Funcionaris i empleats municipals |x Catalunya |x Orientació profesional |9 46204 | ||
| 901 | |a Arxiu | ||
| 942 | |n 1 | ||
| 952 | |0 0 |1 0 |4 0 |7 1 |9 53074 |a Arxiu |b Arxiu |d 2016-12-01 |l 0 |r 2016-12-01 00:00:00 |w 2016-12-01 |y ARXIU | ||
| 999 | |c 56923 |d 56923 | ||